Mémoires anonymes sur les troubles des Pays-Bas, 1565-1580 / (Record no. 159341)

MARC details
000 -LEADER
campo de control de longitud fija 00976nam a2200217 i 4500
001 - NÚMERO DE CONTROL
campo de control 159341
003 - IDENTIFICADOR DE NÚMERO DE CONTROL
campo de control ES-MaACL
005 - FECHA Y HORA DE LA ÚLTIMA TRANSACCIÓN
campo de control 20250927112035.0
008 - DATOS DE LONGITUD FIJA--INFORMACIÓN GENERAL
campo de control de longitud fija 040913s1859 be |||| | fre d
040 ## - FUENTE DE CATALOGACIÓN
Centro catalogador/agencia de origen CAM
Lengua de catalogación spa
Centro/agencia transcriptor CAM
245 00 - MENCIÓN DEL TÍTULO
Título Mémoires anonymes sur les troubles des Pays-Bas, 1565-1580 /
Mención de responsabilidad, etc. avec notice et annotations par J.B. Blaes.
260 ## - PUBLICACIÓN, DISTRIBUCIÓN, ETC.
Lugar de publicación, distribución, etc. Bruxelles :
Nombre del editor, distribuidor, etc. Société de l'Histoire de Belgique,
Fecha de publicación, distribución, etc. 1859 (
Fabricante M. Weissenbruch)
300 ## - DESCRIPCIÓN FÍSICA
Extensión 2 v. ;
Dimensiones 22 cm.
490 1# - MENCIÓN DE SERIE
Mención de serie Collection de mémoires relatifs a l'histoire de Belgique. XVIe siècle
651 #4 - PUNTO DE ACCESO ADICIONAL DE MATERIA--NOMBRE GEOGRÁFICO
Nombre geográfico Bélgica-
Subdivisión general Historia-
Subdivisión cronológica 1555-1648.
9 (RLIN) 161209
651 #0 - PUNTO DE ACCESO ADICIONAL DE MATERIA--NOMBRE GEOGRÁFICO
Nombre geográfico Países Bajos-
Subdivisión general Historia-
Subdivisión cronológica 1556-1648 (Guerras de la Independencia)
9 (RLIN) 241409
700 1# - ENTRADA AGREGADA--NOMBRE PERSONAL
Nombre de persona Blaes, Jean Baptiste François,
Fechas asociadas al nombre 1833-1861
9 (RLIN) 161210
830 0# - PUNTO DE ACCESO ADICIONAL DE SERIE-TÍTULO UNIFORME
Título uniforme Collection de mémoires relatifs a l'histoire de Belgique. XVIe siècle
9 (RLIN) 221924
852 ## - LOCALIZACIÓN
Ubicación ES-MaACL
Número de control de estantería F-2786
Nota libre -- Enc. hol.
condición física -- Sólo t.I (406 p.)
Holdings
Estatus retirado Estado de pérdida Estado de daño No para préstamo Colección Biblioteca de origen Biblioteca actual Ubicación en estantería Fecha de adquisición Fuente de adquisición Total de préstamos Signatura topográfica completa Código de barras Visto por última vez Precio de reemplazo Tipo de ítem Koha
        Libros del s. XIX Biblioteca del Ateneo de Madrid Biblioteca del Ateneo de Madrid Depósito 2 17/01/2008     F-2786 1166807 23/02/2023 23/02/2023 Libro impreso antiguo